Normal view MARC view
  • Watts, A. G.

Entry Personal Name

Number of records used in: 3

001 - CONTROL NUMBER

  • control field: 4372

003 - CONTROL NUMBER IDENTIFIER

  • control field: NUST

005 - DATE AND TIME OF LATEST TRANSACTION

  • control field: 20170829104519.0

008 - FIXED-LENGTH DATA ELEMENTS

  • fixed length control field: 170829|| aca||aabn | a|a d

040 ## - CATALOGING SOURCE

  • Original cataloging agency: NUST
  • Transcribing agency: NUST

100 ## - HEADING--PERSONAL NAME

  • Personal name: Watts, A. G.
  • Fuller form of name: (Anthony Gordon)

670 ## - SOURCE DATA FOUND

  • Source citation: Work cat.: (NUST)0: Rethinking careers education and guidance :, 1996.
© 2023 Central Library, National University of Sciences and Technology. All Rights Reserved.